Normal view
MARC view
- Paul Doherty
Entry Personal Name
001 - CONTROL NUMBER
- control field: 27371
003 - CONTROL NUMBER IDENTIFIER
- control field: NUST
005 - DATE AND TIME OF LATEST TRANSACTION
- control field: 20200106123045.0
008 - FIXED-LENGTH DATA ELEMENTS
- fixed length control field: 200106|| aca||aabn | a|a d
040 ## - CATALOGING SOURCE
- Original cataloging agency: NUST
- Transcribing agency: NUST
100 ## - HEADING--PERSONAL NAME
- Personal name: Paul Doherty
670 ## - SOURCE DATA FOUND
- Source citation: Work cat.: (NUST): Paul Doherty, The Templar Magician , c2009
